Graded exercises in English (Registro nro. 87437)
[ vista simple ]
| 000 -ENCABEZADO | |
|---|---|
| Número de control [NR] | 00735nam a22002057a 4500 |
| 005 - FECHA Y HORA DE LA ÚLTIMA TRANSACCIÓN | |
| control field | 20240429163315.0 |
| 008 - DE LONGITUD FIJA DE DATOS DE ELEMENTOS - INFORMACIÓN GENERAL | |
| Elementos de longitud fija [NR] | 130821s1943 xxu gr eng |
| 040 ## - FUENTE DE CATALOGACION [NR] | |
| Agencia de catalogación original [NR] | Co-BoUCM |
| Idioma de catalogación [NR] | spa |
| Quien Cataloga | Natalia Piñeros (Modificó) |
| Quien Clasifica | Natalia Piñeros (Modificó) |
| 041 00 - CODIGO DE IDIOMA [R] | |
| Código de idioma para texto/pista de sonido o título separado [R] | Inglés |
| 100 ## - ASIENTO PRINCIPAL--NOMBRE PERSONAL [NR] | |
| Nombre personal [NR] | Dixon, Robert J. |
| ID Autoridad | 170979 |
| 245 00 - MENCION DE TITULO [NR] | |
| Título [NR] | Graded exercises in English |
| Mención de responsabilidad, etc. [NR] | Robert J. Dixon |
| 260 ## - PUBLICACION, DISTRIBUCION, ETC. (PIE DE IMPRENTA) [R] | |
| Lugar de publicación, distribución, etc. [R] | Nueva York (Estados Unidos) |
| Nombre del editor, distribuidor, etc. [R] | Regents Publishing Co., Inc |
| Fecha de publicación, distribución, etc. [R] | 1943 |
| 300 ## - DESCRIPCION FISICA [R] | |
| Extensión [R] | 154 Páginas |
| 650 04 - ASIENTO SECUNDARIO DE MATERIA - TERMINO TEMATICO [R] | |
| Término temático o nombre geográfico como elemento de entrada [NR] | Enseñanza |
| 9 (RLIN) | 7573 |
| 650 04 - ASIENTO SECUNDARIO DE MATERIA - TERMINO TEMATICO [R] | |
| Término temático o nombre geográfico como elemento de entrada [NR] | Inglés básico |
| 9 (RLIN) | 17657 |
| 650 04 - ASIENTO SECUNDARIO DE MATERIA - TERMINO TEMATICO [R] | |
| Término temático o nombre geográfico como elemento de entrada [NR] | Inglés básico |
| Subdivisión general [R] | Enseñanza |
| 9 (RLIN) | 17657 |
| 650 17 - ASIENTO SECUNDARIO DE MATERIA - TERMINO TEMATICO [R] | |
| Término temático o nombre geográfico como elemento de entrada [NR] | Inglés |
| Subdivisión general [R] | Composición y ejercicios |
| 9 (RLIN) | 180604 |
| 942 ## - ELEMENTOS DE ENTRADA AGREGADOS (KOHA) | |
| Tipo de ítem principal el descrito en 300a | Libro |
| Tema principal | Educación |
| Edición | 1 |
| Parte restante de la signatura top. | D621 |
| Título oculto en OPAC | No |
| Sistema de clasificación | DEWEY |
| Clasificación | 425 |
| Signatura topográfica | Código de barras | Última vez visto | Ejemplar | Costo de reposición | Price effective from | Tipo de ítem | Nota pública (OPAC) | Perdido | Sistema de clasificación | Dañado | No prestable | Tipo de ítem específico | Suprimido | Ubicación habitual | Ubicación actual | Localización | Fecha de creación | Forma de adquisición |
|---|---|---|---|---|---|---|---|---|---|---|---|---|---|---|---|---|---|---|
| 425 D621 | 120000651 | 04/12/2025 | Ej.1 | 26000.00 | 03/02/2013 | Libro | Galería de donantes - José Vicente Castro Silva | DEWEY | Fondos especiales | Claustro | Claustro | 3er piso | 28/02/2003 | Donación |